000 002730000a22000970004500
100 1 _aRogge, Benjamin A.
245 1 0 _aThe case for economic freedom : A classic moral defense
300 _aVol. 47, Num 3 (Marzo, 1997), Páginas 128-132
773 0 _tThe Freeman
942 _cANA
999 _c56653
_d56653